|
|
|
|
| LEADER |
00000cam a22000004a 4500 |
| 001 |
musev2_28682 |
| 003 |
MdBmJHUP |
| 005 |
20230905043034.0 |
| 006 |
m o d |
| 007 |
cr||||||||nn|n |
| 008 |
130726t20142014mau o 00 0 eng d |
| 010 |
|
|
|z 2020717964
|
| 020 |
|
|
|a 9780262320207
|
| 020 |
|
|
|z 9780262525770
|
| 020 |
|
|
|z 0262320207
|
| 020 |
|
|
|z 0262525771
|
| 035 |
|
|
|a (OCoLC)879285528
|
| 040 |
|
|
|a MdBmJHUP
|c MdBmJHUP
|
| 100 |
1 |
|
|a Soep, Elisabeth.
|
| 245 |
1 |
0 |
|a Participatory Politics :
|b Next-Generation Tactics to Remake Public Spheres /
|c Elisabeth Soep.
|
| 264 |
|
1 |
|a London :
|b The MIT Press,
|c [2014]
|
| 264 |
|
3 |
|a Baltimore, Md. :
|b Project MUSE,
|c 2014
|
| 264 |
|
4 |
|c ©[2014]
|
| 300 |
|
|
|a 1 online resource (96 pages).
|
| 336 |
|
|
|a text
|b txt
|2 rdacontent
|
| 337 |
|
|
|a computer
|b c
|2 rdamedia
|
| 338 |
|
|
|a online resource
|b cr
|2 rdacarrier
|
| 490 |
0 |
|
|a The John D. and Catherine T. MacArthur Foundation reports on digital media and learning
|
| 505 |
0 |
|
|a Introduction -- Participatory politics : what sets it apart? -- Five tactics of participatory politics. Pivot your public ; Create content worlds ; Forage for information ; Code up ; Hide and seek -- Literacies that support participatory politics -- Mind the risks -- Concluding thoughts.
|
| 506 |
0 |
|
|a Open Access
|f Unrestricted online access
|2 star
|
| 520 |
|
|
|a An examination of the mix of face-to-face and digital methods that young people use in their experiments with civic engagement.
|
| 588 |
|
|
|a Description based on print version record.
|
| 650 |
|
7 |
|a Soziale Software
|2 gnd
|
| 650 |
|
7 |
|a Politische Beteiligung
|2 gnd
|
| 650 |
|
7 |
|a Jugend
|2 gnd
|
| 650 |
|
7 |
|a Youth
|x Political activity.
|2 fast
|0 (OCoLC)fst01183486
|
| 650 |
|
7 |
|a Community leadership.
|2 fast
|0 (OCoLC)fst00871020
|
| 650 |
|
7 |
|a Political participation
|x Technological innovations.
|2 fast
|0 (OCoLC)fst01983804
|
| 650 |
|
7 |
|a EDUCATION
|x Philosophy & Social Aspects.
|2 bisacsh
|
| 650 |
|
6 |
|a Jeunesse
|x Activite politique.
|
| 650 |
|
6 |
|a Participation politique
|x Innovations.
|
| 650 |
|
6 |
|a Internet et jeunesse
|x Aspect politique.
|
| 650 |
|
6 |
|a Leadership communautaire.
|
| 650 |
|
0 |
|a Youth
|x Political activity.
|
| 650 |
|
0 |
|a Political participation
|x Technological innovations.
|
| 650 |
|
0 |
|a Internet and youth
|x Political aspects.
|
| 650 |
|
0 |
|a Community leadership.
|
| 655 |
|
7 |
|a Electronic books.
|2 local
|
| 710 |
2 |
|
|a Project Muse.
|e distributor
|
| 830 |
|
0 |
|a Book collections on Project MUSE.
|
| 856 |
4 |
0 |
|z Texto completo
|u https://projectmuse.uam.elogim.com/book/28682/
|
| 945 |
|
|
|a Project MUSE - 2014 Political Science and Policy Studies
|
| 945 |
|
|
|a Project MUSE - 2014 Complete
|